000 00374nam a2200097Ia 4500
008 180130s9999 xx 000 0 und d
245 _cBurns, Mary B.; Moffitt, Kevin C.
_aAutomated deception detection of 911 call transcripts
260 _c2016
300 _aBook title: Computer and information security--Acession number C20546; pages 160-168
650 _aINFORMATION SECURITY
999 _c354120
_d354120